| 000 | 01169nmc a2200409 a 4500 | ||
|---|---|---|---|
| 003 | AR-BaBNM | ||
| 005 | 20251128211812.0 | ||
| 008 | 026020s2005 ||||||||||||||000 | spa|| | ||
| 020 | _a950-12-6146-8 | ||
| 040 | _cAR-BaBNM | ||
| 245 | 1 | 0 |
_aEn el jardín maternal _binvestigaciones, reflexiones y propuestas |
| 250 | _a1ª ed. | ||
| 260 |
_aBuenos Aires _bPaidós _c2005 |
||
| 300 | 0 | _a258 p. | |
| 490 | 0 |
_aCuestiones de educación _v46 |
|
| 504 | _aContiene referencias bibliográficas | ||
| 650 | 4 | _aEDUCACION DEL NINO | |
| 650 | 4 | _aPRIMERA INFANCIA | |
| 650 | 4 | _aCURRICULO | |
| 650 | 4 | _aJUEGO | |
| 650 | 4 | _aDESARROLLO INTELECTUAL | |
| 650 | 4 | _aPAPEL DE LA FAMILIA | |
| 650 | 4 | _aROL DEL DOCENTE | |
| 653 | 0 | _aEDUCACION INICIAL | |
| 653 | 0 | _aJARDINES MATERNALES | |
| 700 | 1 |
_aSoto, Claudia _ecompilador |
|
| 700 | 1 |
_aViolante, Rosa _ecompilador |
|
| 700 | 1 | _aMayol Lasalle, Mercedes | |
| 700 | 1 | _aMoreau de Linares, Lucía | |
| 700 | 1 | _aPorstein, Ana María | |
| 700 | 1 | _aSarlé, Patricia Mónica | |
| 700 | 1 | _aVasta, Laura | |
| 800 | 1 | _aDelgadillo, María Carmen | |
| 800 | 1 | _aAlen, Beatriz | |
| 942 | _cBK | ||
| 998 | _cme-calidad | ||
| 999 |
_c21185 _d21185 |
||